000 00323nam a22001217a 4500
008 180515b xxu||||| |||| 00| 0 eng d
041 _aeng
080 _a043.3
100 _a0
101 _aMBE-MA
245 _aImpakti i Vleresimit te Performances ne Ngritjen e Cilesise ne Sektorin Publik
_cDurmishi, E
942 _2udc
_cBK
999 _c45798
_d45798